000 00561nam a22001697a 4500
005 20251108165828.0
008 250721s1978 xx 000 0 ara d
082 1 4 _aط/923.5/صلا
100 1 _aدندشي، محمد محمود
245 1 0 _aصلاح الدين الأيوبي /
264 1 _aطرابلس ( لبنان ) :
_bدار الشمال للطباعة و النشر و التوزيع،
_c1978.
300 _a96ص : مصورة بالألوان
490 0 _aعظماء العرب
650 1 7 _aالتراجم
942 _2ddc
_cBK
999 _c32327
_d32327